LEADER 03161nam0 22005653i 450 001 PAL0208805 005 20251003044307.0 010 $a9788838663703 100 $a20070706d2007 ||||0itac50 ba 101 | $aita$cita 102 $ait 181 1$6z01$ai $bxxxe 182 1$6z01$an 183 1$6z01$anc$2RDAcarrier 200 1 $aBasi di dati$earchitetture e linee di evoluzione$fPaolo Atzeni ... [et al.] 205 $a2. ed 210 $aMilano$cMcGraw-Hill$d[2007] 215 $aXIV, 337 p.$d24 cm. 225 | $aCollana di istruzione scientifica$i. Serie di informatica 410 0$1001MIL0161575$12001 $aCollana di istruzione scientifica$i. Serie di informatica 500 11$aBasi di dati : architetture e linee di evoluzione$3CAG2162959$958596 606 $aArchivi di dati$2FIR$3CFIC005068$9E 676 $a005.74$9ARCHIVI DI DATI E BASI DI DATI$v21 676 $a005.74$9ARCHIVI DI DATI E BASI DI DATI$v23 676 $a005.756$9BASI DI DATI RELAZIONALI$v21 676 $a005.7565$9SPECIFICI SISTEMI DI GESTIONE DI BASI DI DATI RELAZIONALI$v21 696 $aBanche di dati$aData-base$aBanche dati$aFile di dati$aBasi dati$aArchivi dati$aData base$aArchivi elettronici di dati$aDB $aArchivi elettronici$aBasi di dati$aDatabase 699 $aArchivi di dati$yBanche di dati 699 $aArchivi di dati$yData-base 699 $aArchivi di dati$yBanche dati 699 $aArchivi di dati$yFile di dati 699 $aArchivi di dati$yBasi dati 699 $aArchivi di dati$yArchivi dati 699 $aArchivi di dati$yData base 699 $aArchivi di dati$yArchivi elettronici di dati 699 $aArchivi di dati$yDB 699 $aArchivi di dati$yArchivi elettronici 699 $aArchivi di dati$yBasi di dati 699 $aArchivi di dati$yDatabase 702 1$aAtzeni$b, Paolo$3CFIV005976 801 3$aIT$bIT-000000$c20070706 850 $aIT-BN0095 901 $bNAP 01$cM/S $n$ 901 $bNAP 01$cSALA DING $n$ 901 $bNAP 01$cBCA $nComprende monografie e periodici di diritto, testi di ingegneria, di scienze e tecnologia di nuova acquisizione. 912 $aPAL0208805 950 0$aBiblioteca Centralizzata di Ateneo$c1 v.$d 01M/S (C) 21 230$e 01C 0800212305 VMA 1 v.$fY $h20130913$i20130913$c1 v. in quattro copie$d 01SALA DING 005.74 BASDD$e 0102 0000102075 VMA A4(2. ed. quater 1 v. (4. copia)$fY $h20170531$i20170606$c1 v. in quattro copie$d 01SALA DING 005.74 BASDD$e 0102 0000094535 VMA A4(2. ed. 1 v.$fY $h20121108$i20121108$c1 v. in quattro copie$d 01SALA DING 005.74 BASDD$e 0102 0000094545 VMA A4(2. ed. bis 1 v. (2. copia)$fY $h20121108$i20121108$c1 v. in quattro copie$d 01SALA DING 005.74 BASDD$e 0102 0000094555 VMA A4(2. ed. ter 1 v. (3. copia)$fY $h20121108$i20121108$c1 v.$d 01BCA SC. TECNOL 325$e 01 0000127995 VMA 1 v.$fY $h20230922$i20231002 977 $a 01 996 $aBasi di dati$958596 997 $aUNISANNIO